000 02077cam a22004814i 4500
003 PE-LiUPU
005 20250731173111.0
008 181220s2018 miu r 000 0 eng d
020 _a9780310534679
020 _a0310534674
035 _a(Sirsi) a251116
040 _aPE-LiUPU
_bspa
_cPE-LiUPU
_erda
049 _aPRUA
082 0 4 _a269.2
_bC51
_223
100 1 _aChan, Sam,
_d1966-,
_eautor.
245 _aEvangelism in a skeptical world :
_bhow to make the unbelievable news about Jesus more believable /
_cSam Chan.
264 1 _aGrand Rapids :
_bZondervan,
_c2018.
300 _a288 páginas ;
_c24 centímetros
336 _atext
_2rdacontent
337 _aunmediated
_2rdamedia
338 _avolume
_2rdacarrier
505 0 _aA theology of evangelism -- Everyday evangelism -- How to craft a gospel presentation -- evangelism to postmoderns -- Contextualization for evangelism -- Gospel-cultural hermeneutics -- Storytelling the gospel -- How to give evangelistic topical talks -- How to give evangelistic expository talks -- Religious epistemology, apologetics, and defeater beliefs -- Conclusion: moving people from hostile to loyal.
526 _aSEG42
526 _aSEG41
526 _aSEG40
526 _aSEG39
526 _aP94
526 _aP87
526 _aP86
526 _aP85
526 _aP77
526 _aP76
526 _aP35
650 0 4 _aObra evangelística
_xEstudio y enseñanza.
650 0 4 _aTenencia de testigos (cristianismo).
910 _adbm
_bncf
_cncf
_d20181220
942 _2ddc
_cBOOK
994 _aC0
_bPEPRU
596 _a1
999 _a269.2 C51
_wDEWEY
_c30566
_i79539
_f2021-11-10
_g4
_lCCODEBUL1
_mBUL
_p14.99
_r0
_sY
_tBOOK
_u2018-12-20
_xTEOLOGIA
_PP85
_0DONACION
_1FCOMPR2
_o.STAFF. Colección Teología
_d30566
999 _a269.2 C51
_wDEWEY
_c2
_i79690
_f2021-11-10
_g4
_lCCODEBUL1
_mBUL
_p14.99
_r0
_sY
_tBOOK
_u2018-12-20
_xTEOLOGIA
_PP85
_0DONACION
_1FCOMPR2
_o.STAFF. Colección Teología
980 _81
_gALBERTO SANCHEZ Responsable de Automatización